Mistrzostwa świata w piłce nożnej 1998 - Statystyki

Ogólne statystyki
  • Ten quiz został rozwiązany 97 razy
  • Średni wynik to 26 z 32
Statystyki odpowiedzi
Grupa Państwo % Poprawnych
Grupa C Francja
99%
Grupa H Argentyna
97%
Grupa A Brazylia
97%
Grupa H Japonia
95%
Grupa G Anglia
94%
Grupa E Holandia
94%
Grupa F Niemcy
92%
Grupa F Stany Zjednoczone
91%
Grupa A Norwegia
90%
Grupa B Włochy
88%
Grupa D Hiszpania
87%
Grupa E Meksyk
87%
Grupa E Belgia
84%
Grupa B Chile
84%
Grupa C Dania
83%
Grupa F Iran
83%
Grupa E Korea Południowa
83%
Grupa B Kamerun
82%
Grupa C Arabia Saudyjska
81%
Grupa G Kolumbia
81%
Grupa H Chorwacja
78%
Grupa D Paragwaj
78%
Grupa C RPA
78%
Grupa B Austria
77%
Grupa A Szkocja
74%
Grupa A Maroko
73%
Grupa D Nigeria
73%
Grupa G Tunezja
69%
Grupa F Jugosławia
65%
Grupa D Bułgaria
62%
Grupa G Rumunia
62%
Grupa H Jamajka
55%
Nie znaleziono quizów pasujących do podanych kryteriów
Rozkład punktacji
Procent ludzi z każdym wynikiem
Percentyl według liczby udzielonych odpowiedzi
Twoja historia wyników
Nie rozwiązałeś tego quizu